000 00306nam a22001337a 4500
082 _a823
_bBOU/F
100 _aBOURGOLSE, PANLETTE
100 _aBREND
245 _aFRANKLIN HAS A SLEEP OVER
260 _aNEW YORK
_bSCHOLASTIC
_c1996
300 _a30
650 _aENGLISH STORY
_zUNITED STATES
942 _cBK
999 _c7495
_d7495